| 000 | 00432nam a22001577a 4500 | ||
|---|---|---|---|
| 005 | 20251108165826.0 | ||
| 008 | 250721s9999 xx 000 0 ara d | ||
| 082 | 1 | 4 | _aط/630/زرا |
| 245 | 1 | 0 | _aالزراعة غذاء و عافية / |
| 264 | 1 |
_aبيروت : _bدار شهرزاد، _c[19-]. |
|
| 300 | _a24ص ؛مص | ||
| 490 | 0 | _aعلوم و معارف ؛9 | |
| 650 | 1 | 7 | _aالفلاحة |
| 942 |
_2ddc _cBK |
||
| 999 |
_c32264 _d32264 |
||